000 00312 a2200145 4500
003 Nust
005 20170207153312.0
040 _cNust
082 _a891.4393
100 _aHajazi, Nasim
245 _aAur Talwar Toot Ghai
_cNasim Hajazi
260 _aLahore
_bJahingar Book Dipu
300 _a572:p
650 _aNovel
942 _2ddc
_cBK
999 _c183721
_d183721